skbl

Dr Suryya Kumar Bhuyan Library Web-OPAC
ডঃ সূৰ্য্য
কুমাৰ ভূঞা পুথিভঁৰাল ৱেব-অ'পেক

All Research Scholars are advised to clear the annual library fees to continue using Library Resources, Remote Access, Plagiarism Test and Library Clearance.

Cotton University Book Fair 2026

Trends and Issues in Indian Education / (Record no. 52433)

MARC details
000 -LEADER
fixed length control field 00776nam a2200289Ia 4500
001 - CONTROL NUMBER
control field 52469
005 - DATE AND TIME OF LATEST TRANSACTION
control field 20240114005307.0
007 - PHYSICAL DESCRIPTION FIXED FIELD--GENERAL INFORMATION
fixed length control field ta
008 - FIXED-LENGTH DATA ELEMENTS--GENERAL INFORMATION
fixed length control field 100805s2008 g b000 u 903 u
020 ## - INTERNATIONAL STANDARD BOOK NUMBER
International Standard Book Number 978-81-272-4434-7
040 ## - CATALOGING SOURCE
Original cataloging agency Cotton College,Assam
041 ## - LANGUAGE CODE
Language code of text/sound track or separate title 903
082 ## - DEWEY DECIMAL CLASSIFICATION NUMBER
Classification number 370.954
Item number Sw 14 Tr
100 ## - MAIN ENTRY--PERSONAL NAME
Personal name Swain, Sanjay K. .
245 #0 - TITLE STATEMENT
Title Trends and Issues in Indian Education /
Statement of responsibility, etc. Sanjay K.Swain.
Medium Textual Documents
250 ## - EDITION STATEMENT
Edition statement Revised ed. /
260 ## - PUBLICATION, DISTRIBUTION, ETC.
Place of publication, distribution, etc. New Delhi :
Name of publisher, distributor, etc. Kalyani Publishers ,
Date of publication, distribution, etc. 2008.
300 ## - PHYSICAL DESCRIPTION
Extent 375pg ;
Dimensions 19cm.
653 ## - INDEX TERM--UNCONTROLLED
Uncontrolled term Education
653 ## - INDEX TERM--UNCONTROLLED
Uncontrolled term Indian Education
653 ## - INDEX TERM--UNCONTROLLED
Uncontrolled term Deptt- Education
653 ## - INDEX TERM--UNCONTROLLED
Uncontrolled term Major- Education
942 ## - ADDED ENTRY ELEMENTS (KOHA)
Source of classification or shelving scheme Dewey Decimal Classification
Koha item type Books
Holdings
Withdrawn status Lost status Damaged status Not for loan Collection Home library Current library Date acquired Coded location qualifier Total checkouts Full call number Barcode Date last seen Copy number Price effective from Koha item type
          Dr. Suryya Kumar Bhuyan Library Dr. Suryya Kumar Bhuyan Library 01/02/2012 00000   370.954 Sw 14 Tr 1054/Edn 14/01/2024 1 01/02/2012 Books
          Dr. Suryya Kumar Bhuyan Library Dr. Suryya Kumar Bhuyan Library 01/02/2012 00000   370.954 Sw 14 Tr 1053/Edn 14/01/2024 2 01/02/2012 Books

Designed and Maintained by Team SKBL
©1901-2026

Powered by Koha